Телефонная связь: прошлое, настоящее, будущее (Запись № 4166845)

Подробности
000 -МАРКЕР
контрольное поле 01611nam0a2200313 i 4500
001 - ИДЕНТИФИКАТОР ЗАПИСИ
контрольное поле RU\NLR\bibl\1998331
005 - ИДЕНТИФИКАТОР ВЕРСИИ
контрольное поле 20260408092602.0
010 ## - МЕЖДУНАРОДНЫЙ СТАНДАРТНЫЙ НОМЕР КНИГИ (ISBN)
Номер (ISBN) 9785903733194
035 ## - ДРУГИЕ СИСТЕМНЫЕ НОМЕРА
Идентификатор записи (NLR Aleph) 001986686
100 ## - ДАННЫЕ ОБЩЕЙ ОБРАБОТКИ
Данные общей обработки 20130208d2012 u y0rusy50 ca
101 0# - ЯЗЫК РЕСУРСА
Язык текста, звукозаписи и т.д. русский
102 ## - СТРАНА ПУБЛИКАЦИИ ИЛИ ПРОИЗВОДСТВА
Страна публикации Российская Федерация
105 ## - ПОЛЕ КОДИРОВАННЫХ ДАННЫХ: ТЕКСТОВЫЕ МАТЕРИАЛЫ, МОНОГРАФИЧЕСКИЕ
Кодированные данные о монографическом текстовом документе y |||||||||
200 1# - ЗАГЛАВИЕ И СВЕДЕНИЯ ОБ ОТВЕТСТВЕННОСТИ
Основное заглавие Телефонная связь: прошлое, настоящее, будущее
Сведения, относящиеся к заглавию [материалы Пятых научных чтений памяти А.С. Попова, посвященных Дню радио - празднику работников всех отраслей связи], 5 мая 2012 г.
Первые сведения об ответственности [науч. ред.: к.т.н. Н.А. Борисова]
210 ## - ПУБЛИКАЦИЯ, РАСПРОСТРАНЕНИЕ И ДР.
Место издания, распространения и т.д. Санкт-Петербург
Имя издателя, распространителя и т. д. Центральный музей связи
Дата издания, распространения и т.д. 2012
215 ## - ФИЗИЧЕСКАЯ ХАРАКТЕРИСТИКА
Специфическое обозначение материала и объем 111 с
Размеры 20
300 ## - ОБЩИЕ ПРИМЕЧАНИЯ
Текст примечания В надзаг.: Центр. музей связи им. А.С. Попова
320 ## - ПРИМЕЧАНИЯ О НАЛИЧИИ В ДОКУМЕНТЕ БИБЛИОГРАФИИ / УКАЗАТЕЛЯ
Текст примечания Библиогр. в конце ст.
606 1# - НАИМЕНОВАНИЕ ТЕМЫ КАК ПРЕДМЕТ
Наименование темы Телефонная связь
Формальный подзаголовок Съезды, совещания и т.п.
Системный номер авторитетной/нормативной записи 1017702
Идентификатор авторитетной/нормативной записи RU\NLR\auth\66388407
686 ## - ИНДЕКСЫ ДРУГИХ КЛАССИФИКАЦИЙ
Индекс З882я434
702 #1 - ИМЯ ЛИЦА - ВТОРИЧНАЯ ОТВЕТСТВЕННОСТЬ
Код отношения Редактор
Графика поля Кириллица
Материалы, к которым относится поле rus
Начальный элемент ввода Борисова
Часть имени, кроме начального элемента ввода Н. А.
Дополнения к именам, кроме дат д-р ист. наук, канд. техн. наук
Расширение инициалов личного имени Нина Александровна
Системный номер авторитетной/нормативной записи 74389
Идентификатор авторитетной/нормативной записи RU\NLR\AUTH\7791462
711 12 - НАИМЕНОВАНИЕ ОРГАНИЗАЦИИ - АЛЬТЕРНАТИВНАЯ ОТВЕТСТВЕННОСТЬ
Начальный элемент ввода Научные чтения памяти А. С. Попова
Порядковый номер временной организации и / или порядковый номер ее части 5
Место проведения временной организации Санкт-Петербург
Дата проведения временной организации 2012
Системный номер авторитетной/нормативной записи 349538
Идентификатор авторитетной/нормативной записи RU\NLR\AUTH\8810232232
801 #0 - ИСТОЧНИК ЗАПИСИ
Страна Российская Федерация
Организация NLR
Дата составления 20130208
Правила каталогизации RCR
801 #1 - ИСТОЧНИК ЗАПИСИ
Страна Российская Федерация
Организация NLR
Дата составления 20130208
942 ## - ДОПОЛНИТЕЛЬНЫЕ ЭЛЕМЕНТЫ ЗАПИСИ (АБИС)
Тип экземпляра АБИС Книга
980 ## - КОЛЛЕКЦИЯ
Название коллекции НБР

Нет доступных экземпляров.